| 000 | 00627nam a22001817a 4500 | ||
|---|---|---|---|
| 999 |
_c184375 _d184375 |
||
| 005 | 20220119124952.0 | ||
| 010 | _aENG-131240 | ||
| 020 |
_a978-93-89137-94-1 _c1280.00 |
||
| 035 | _aEN-114772 | ||
| 037 | _bDBAD | ||
| 082 | _a327.54 | ||
| 245 |
_aIndia in South Asia: _cEdited by Sudheer Singh Verma and Ashwani Kumar _bChanging Perspectives in the 21st Century/ |
||
| 260 |
_aNew Delhi _bKW Publishers Pvt Ltd _c2021 |
||
| 270 |
_bNew Delhi _a4676/21, First Floor, Ansari Road _e110002 |
||
| 300 |
_a238p. _c23cm(hbk) |
||
| 700 | _aVerma, Sudheer Singh and Kumar, Ashwani | ||
| 942 |
_2ddc _cEN _h327.54 _mVER |
||